Las flotas del oro

Sparad:
Bibliografiska uppgifter
Huvudupphovsman: Thomazi, Augusto (Författare, medförfattare)
Materialtyp: Bok
Språk:spanska
Publicerad: Madrid, España Swan 1985
Serie:Colección Torre de la Botica, 6
Ämnen:
Taggar: Lägg till en tagg
Inga taggar, Lägg till första taggen!

MARC

LEADER 00000nam a2200000 a 4500
001 UCX0834
003 CL-VaPUC
005 20210521001536.0
008 900322e19850000SP |||||||||||||||||spa|d
999 |c 222273  |d 222271 
040 |c Pontificia Universidad Católica de Valparaíso 
082 0 4 |a 946.03 THO 1985  |2 21 
100 0 |a Thomazi, Augusto  |e author  |9 316216 
245 1 4 |a Las flotas del oro 
246 1 0 |a Historia de los galeones de España 
260 |a Madrid, España  |b Swan  |c 1985 
300 |a 224 páginas 
490 0 |a Colección Torre de la Botica,  |v  6 
583 |a last modification  |c 19900322 00:00:00  |k Rodrigo Vera 
650 7 |a GALEONES  |2 CL-VaPUC  |9 316217  |z ESPAÑA 
650 0 |a Historia naval  |z ESPAÑA  |9 268284 
852 |a BIBCUR 
942 |c BK  |2 ddc 
945 |d 19900322 00:00:00 
952 |0 0  |1 0  |2 ddc  |4 0  |6 946_030000000000000_THO_1985  |7 0  |8 A  |9 216731  |a BIBHIS  |b BIBHIS  |d 2019-11-15  |i 2855429  |o 946.03 THO 1985  |p 2855429  |r 2025-01-20  |t 1  |w 2019-11-15  |y BK  |k HIS